00334nam a2200109Ia 4500008004100000041000800041082001200049100001800061245009800079260002900177300001800206240719s9999 xx 000 0 und d aeng a828 SHU aShum, Desmond aRed Roulette: An Insider's Story Of Wealth, Power, Corruption And Vengeance In Today's China  aLondonbSimon & Schuster a310 P.; 24 Cm